[Event "DEN-ch Kort2 A"]
[Site "Skorping"]
[Date "2017.04.15"]
[Round "4"]
[White "Simonsen, Regnar"]
[Black "Jakobsen, Andreas"]
[Result "1/2-1/2"]
[WhiteElo "1741"]
[BlackElo "1950"]
[PlyCount "41"]
[EventDate "2017.04.13"]
[EventType "swiss"]
[EventRounds "5"]
[EventCountry "DEN"]
[SourceTitle "EXT 2018"]
[Source "ChessBase"]
[SourceDate "2017.10.13"]
[SourceVersion "1"]
[SourceVersionDate "2017.10.13"]
[SourceQuality "1"]

1. d4 d5 2. c4 e6 3. Nf3 Nf6 4. e3 b6 5. Nbd2 Bb7 6. Be2 Bd6 7. 0-0 Nbd7 8. b3 0-0 9. Bb2 c5 10. Rc1 cxd4 11. Nxd4 Qe7 12. cxd5 exd5 13. Nf5 Qe6 14. Nxd6 Qxd6 15. Nf3 Rfc8 16. Qd4 Qe6 17. Nd2 Rxc1 18. Rxc1 Rc8 19. Rxc8+ Bxc8 20. h3 Nc5 21. Bg4 1/2-1/2